MARC

LEADER 00000nam0a2200000 4500
001 18280
005 20231101205208.0
035 |a (RuTPU)RU\TPU\book\18429 
035 |a BOOK00018498 
090 |a 18280 
100 |a 20011209d1993 k y0rusy50 ca 
101 0 |a rus 
102 |a RU 
105 |a y z 000zy 
200 1 |a Философия власти  |f под ред. В. В. Ильина 
210 |a Москва  |c Изд-во МГУ  |d 1993 
215 |a 271 с. 
225 1 |a Теоретическая политология: Мир России и Россия в мире 
606 1 |a Политология  |2 stltpush  |3 (RuTPU)RU\TPU\subj\50495  |9 69168 
610 1 |a политика 
610 1 |a власть 
610 1 |a философия 
610 1 |a политическая власть 
686 |a Ф011.6  |v LBC/SL-A  |2 rubbk 
702 1 |a Ильин  |b В. В.  |4 340 
801 0 |a RU  |b 63413507  |c 20011209  |g PSBO 
801 2 |a RU  |b 63413507  |c 20210616  |g PSBO 
900 |a Политология 
942 |c BK